[Event "HUN-ch Rapid 2020"]
[Site "Ajka"]
[Date "2020.07.19"]
[Round "10.10"]
[White "Nagy, Gabor"]
[Black "Pasztor, Ferenc"]
[Result "1-0"]
[WhiteElo "2489"]
[BlackElo "2231"]
[Annotator "TA"]
[PlyCount "63"]
[EventDate "2020.07.17"]
[EventType "rapid"]
[EventCountry "HUN"]
[SourceTitle "playchess.com"]
[Source "ChessBase"]
[SourceQuality "1"]

{[%evp 10,62,8,13,20,11,16,20,67,60,115,121,106,109,95,80,90,62,160,166,145,97,99,104,137,95,108,66,60,23,46,0,89,95,101,100,109,128,165,167,371,142,134,127,175,174,177,178,241,233,264,264,29998,29999,29999]} 1. c4 c5 2. Nc3 Nc6 3. Nf3 g6 4. g3 Bg7 5. Bg2 d6 6. O-O Be6 {6...e6 is the modern continuation. Played by Peter Svidler in June 2020. A37: Symmetrical English vs ...g6: 4 Bg2 Bg7 5 Nf3.} 7. d3 Qd7 8. Ng5 Bg4 {[#] The position is equal.} 9. h3 $146 ({Predecessor:} 9. f3 Bf5 10. e4 Bd4+ 11. Kh1 Be6 12. Ne2 Bg7 13. Rb1 h5 14. Nxe6 Qxe6 15. Nf4 {0-1 (38) Frisch,W (1792)-Kubik,G (1978) Deutschlandsberg 2018}) 9... h6 (9... f6 $14) 10. Nxf7 $1 $16 ({But not} 10. hxg4 $6 hxg5 11. f3 (11. Bxg5 Qxg4 12. Qb3 Qd7 $11) 11... Bd4+ 12. e3 Be5 $11) 10... Kxf7 11. hxg4 Qxg4 12. Rb1 h5 13. e3 Qd7 (13... Qxd1 $14 14. Rxd1 h4) 14. Ne4 Bf6 15. b4 cxb4 16. d4 h4 17. Bd2 a5 18. a3 bxa3 19. Qb3 Nd8 20. Qb5 ({Reject} 20. Qxa3 h3 $17) 20... Qxb5 (20... Qg4 $11) 21. Rxb5 hxg3 22. fxg3 Rh5 23. Rb3 {Black must now prevent g4.} a4 24. Rxa3 {aiming for g4.} Ra7 $2 {[#]} (24... Rf5 25. Rfa1 Nh6 26. Rxa4 Rxa4 27. Rxa4 Ne6) 25. Bf3 $2 (25. g4 $18 {and the rest is easy.} Rh4 26. g5 {[%mdl 64] Pin}) 25... Rh8 26. Rfa1 Ne6 27. Rxa4 Rxa4 28. Rxa4 b6 {[#]} (28... Nh6 $142 29. Nxf6 Kxf6) 29. Ra7 $1 $18 Ng5 30. Nxd6+ $1 Ke6 $2 (30... Kg7 $18 31. Ne8+ Kf7) 31. Bd5+ Kxd6 32. Bb4# {Accuracy: White = 66%, Black = 44%.} 1-0

[Event "HUN-ch Rapid 2020"]
[Site "Ajka"]
[Date "2020.07.19"]
[Round "10.11"]
[White "Aczel, Gergely"]
[Black "Kiss, Pal"]
[Result "1-0"]
[WhiteElo "2511"]
[BlackElo "2266"]
[Annotator "TA"]
[PlyCount "79"]
[EventDate "2020.07.17"]
[EventType "rapid"]
[EventCountry "HUN"]
[SourceTitle "playchess.com"]
[Source "ChessBase"]
[SourceQuality "1"]

{[%evp 16,79,28,26,31,20,29,18,18,14,27,17,23,23,29,15,33,20,14,10,30,25,25,15,157,159,181,177,180,150,269,280,247,243,247,277,347,342,350,326,347,337,379,356,462,452,602,599,618,625,740,742,829,788,858,884,863,858,805,802,1495,1354,29983,29984,29984,29985]} 1. d4 d5 2. c4 c6 3. cxd5 cxd5 4. Bf4 Nc6 5. e3 Nf6 6. Nc3 {[%cal Bb1c3,Bc3a4,Ba4c5][%mdl 32]} a6 7. Bd3 Bg4 8. Nge2 e6 9. Rc1 Bd6 {D10: Slav Defence: 3 cxd5 (without early Nf3) and 3 Nc3.} 10. f3 Bh5 11. Na4 Bg6 {The position is equal.} 12. O-O Bxd3 13. Qxd3 Bxf4 14. Nxf4 O-O 15. Nc5 Qb6 {[#]} 16. Qd2 $146 ({Predecessor:} 16. Qc3 Rfc8 17. Nfd3 Qa7 18. Qa3 b6 19. Na4 b5 20. Nac5 a5 21. Rc2 Ne7 22. Ne5 {1-0 (51) Enchev,I (2380)-Stoinev,M (2226) Sunny Beach 2014}) 16... Rac8 17. Rc3 Qa7 18. Rfc1 Ne7 19. Qe2 Nf5 {Black is now going downhill.} (19... a5 $11 {remains equal.}) 20. g4 $36 {[%mdl 2048] White is really pushing.} Nd6 21. g5 b6 22. Qxa6 Ra8 (22... Qxa6 $16 {is a better defense.} 23. Nxa6 Rxc3 24. Rxc3 Nd7) 23. Qxa7 $18 ({Don't take} 23. gxf6 $6 Qxa6 24. Nxa6 Rxa6 $16) 23... Rxa7 24. gxf6 bxc5 25. dxc5 Nb5 26. fxg7 Kxg7 27. Rb3 Nc7 28. a3 e5 29. Nd3 f6 30. c6 Kg6 31. Rb7 Rfa8 32. Kf2 Kf5 33. Nc5 Ne8 34. e4+ dxe4 35. fxe4+ Kf4 36. Rc3 Nd6 37. Rd7 Nxe4+ 38. Nxe4 Kxe4 39. Rxa7 Rxa7 40. c7 {Accuracy: White = 100%, Black = 52%.} 1-0

[Event "HUN-ch Rapid 2020"]
[Site "Ajka"]
[Date "2020.07.19"]
[Round "10.12"]
[White "Nemeth, Gergely"]
[Black "Horvath, Jozsef"]
[Result "0-1"]
[WhiteElo "2133"]
[BlackElo "2438"]
[Annotator "TA"]
[PlyCount "104"]
[EventDate "2020.07.17"]
[EventType "rapid"]
[EventCountry "HUN"]
[SourceTitle "playchess.com"]
[Source "ChessBase"]
[SourceQuality "1"]

{[%evp 9,104,31,49,31,32,37,44,16,38,-9,45,17,0,-20,-5,-7,-7,-11,-8,-1,0,0,0,0,23,0,0,0,0,0,0,-44,-40,-35,-37,-31,-18,-15,0,-96,0,-29,-20,-13,0,-120,-106,-1221,-1227,-1154,-880,-781,-673,-686,-670,-550,-416,-504,-478,-464,-434,-584,-434,-417,122,-435,-393,-811,-854,-815,-403,-847,-768,-837,-831,-810,-782,-799,-791,-842,-835,-832,-824,-806,-805,-852,-828,-707,-623,-6387,-531,-6070,-5716,-2712,-1566,-1819,-1712]} 1. e4 d6 2. d4 Nf6 3. Nc3 e5 4. Nf3 Nbd7 5. Bc4 exd4 6. Nxd4 {C41: Philidor Defence.} Nb6 7. Be2 Be7 8. O-O {White is slightly better.} O-O 9. Be3 Re8 {[#]} ({Black should try} 9... d5 $11) 10. h3 $146 ({Predecessor:} 10. a4 a5 11. f3 Nfd7 12. Qd2 Ne5 13. b3 c6 14. Rad1 d5 15. exd5 Nxd5 16. Nxd5 Qxd5 {½-½ (44) Thomele,M (1908)-Koellner,C (2105) Wiesbaden 2017}) 10... Bf8 11. Qd3 d5 12. exd5 Nfxd5 13. Nxd5 Nxd5 14. Bd2 Nb4 15. Bxb4 $1 Bxb4 16. Rad1 Qe7 17. c3 Bd6 18. Bf3 Qe5 {[%csl Gd6][%cal Re5h2] [#]} 19. g3 Bxh3 20. Rfe1 Qxe1+ 21. Rxe1 Rxe1+ 22. Kh2 Bd7 23. b4 Rb8 24. Kg2 (24. Be2 $11 {keeps the balance.}) 24... g6 (24... Re7 $17 25. Bd5 Be5) 25. Ne2 Re8 26. Qd2 Rb1 27. g4 (27. a3 $11) 27... Bb5 $17 28. Nd4 $2 {[%mdl 8192]} (28. Ng3 $17) 28... Bf1+ $19 29. Kg1 Bh3+ 30. Bd1 Bxg4 31. f3 Bh3 32. Kf2 c5 33. Nb5 Be7 34. Kg3 Rd8 35. Qe2 Be6 (35... Rbxd1 $2 36. Qxe7 R1d7 37. Qxc5 $17) 36. Bb3 Bxb3 $2 (36... Rxb3 $19 37. axb3 a6) 37. axb3 $4 {[%mdl 8192]} (37. Qxe7 $16 {is forced if you want to stay better.} Rg1+ 38. Kh2) 37... Bg5 38. bxc5 $2 (38. f4 Rg1+ 39. Kf2) 38... Rg1+ 39. Kh3 Rh1+ (39... Rdd1 $142 40. Qe8+ Kg7) 40. Kg3 (40. Kg4 $142 Rg1+ 41. Kh3) 40... Bh4+ {Black is clearly winning.} 41. Kg2 Rdd1 {[%csl Gh1][%cal Rd1g1] [#]} 42. Qe8+ Kg7 {[%csl Gh1][%cal Rd1g1]} 43. Qe5+ Bf6 44. Qe3 Rhe1 45. Qf2 a6 46. Nd4 h5 47. f4 Bxd4 48. cxd4 Re4 49. f5 Rdxd4 (49... Rexd4 $142 50. f6+ Kg8) 50. f6+ Kh6 51. Qb2 h4 52. Qc1+ g5 {Accuracy: White = 50%, Black = 68%.} 0-1

[Event "HUN-ch Rapid 2020"]
[Site "Ajka"]
[Date "2020.07.19"]
[Round "10.13"]
[White "Mester, Gyula"]
[Black "Ongut, Tamas Gunes"]
[Result "1-0"]
[WhiteElo "2341"]
[BlackElo "2269"]
[Annotator "TA"]
[PlyCount "109"]
[EventDate "2020.07.17"]
[EventType "rapid"]
[EventCountry "HUN"]
[SourceTitle "playchess.com"]
[Source "ChessBase"]
[SourceQuality "1"]

{[%evp 11,109,-35,-17,-40,-8,-12,0,0,0,0,0,0,0,-22,-22,-29,-33,-27,-20,-23,0,0,0,-6,32,24,70,22,17,22,31,25,20,17,31,31,28,23,22,18,25,39,118,118,122,129,133,119,118,127,132,132,125,150,151,135,139,124,126,52,143,146,162,158,235,236,298,256,248,237,245,230,307,283,271,267,256,245,541,373,807,785,1141,1109,939,731,720,654,5579,4883,29978,29979,29979,29980,29983,29984,29983,29984,29989,29989]} 1. d4 Nf6 2. g3 d5 3. Bg2 c5 4. Nf3 cxd4 5. Nxd4 e5 6. Nf3 Nc6 7. O-O {D02: 1 d4 d5 2 Nf3 sidelines, including 2...Nf6 3 g3 and 2...Nf6 3 Bf4.} h6 8. c4 Be6 9. cxd5 {The position is equal.} Nxd5 10. b3 {[#]} Be7 $146 {Strongly threatening ...e4.} ({Predecessor:} 10... Ndb4 11. Nc3 Be7 12. Bd2 O-O 13. a3 Nd5 14. b4 a6 15. Nxd5 Bxd5 16. Be3 Bf6 17. Rc1 Re8 18. Rc5 Bxf3 19. Bxf3 e4 20. Rd5 {½-½ (20) Stanojevic,B (2334)-Lajthajm,B (2507) Senta 2006}) 11. Bb2 Bf6 12. Nbd2 {[%cal Bb1d2,Bd2c4,Bc4d6][%mdl 32] [#]} e4 $1 {[%mdl 576] Discovered Attack} 13. Bxf6 (13. Nxe4 Bxb2) 13... Nxf6 14. Ne1 $1 Qd5 {And now ...0-0-0 would win.} 15. Nc4 $1 O-O 16. Qxd5 Bxd5 17. Nc2 b5 18. Nd6 a6 19. Ne3 Nd4 $1 20. Rfd1 Nxe2+ 21. Kf1 Nc3 22. Rdc1 $36 {[%mdl 2048] White has good play.} b4 23. Nxd5 Nfxd5 24. Nxe4 Rad8 25. Nc5 Nc7 26. a3 N3d5 (26... a5 $14) 27. axb4 $16 Nxb4 28. Rc4 Ncd5 29. Ra4 a5 30. Rxa5 Nc6 31. Ra1 {Nb7 is the strong threat.} Ne5 32. Nb7 Rd7 33. Rc5 Rxb7 34. Bxd5 Rb6 35. f4 (35. h4 $16) 35... Nd3 ({Better is} 35... Ng4 $1 $14) 36. Rc7 Nb4 37. Bc4 Nc2 {[#]} (37... Rf6 $16 {was worth a try.} 38. Ra4 Nc2) 38. Rxf7 $1 $18 {[%mdl 512]} Ne3+ (38... Rxf7 39. Ra8+) 39. Kf2 Nxc4 40. Rxf8+ Kxf8 41. bxc4 {[%mdl 4096] Endgame KR-KR} Rb2+ 42. Kf3 Rc2 {[#]} 43. Ra4 $1 Rxh2 {[#]} 44. Ke4 $1 Ke7 $2 (44... Rg2 45. Ra3 Ke7) 45. Kf5 h5 $2 (45... g5 46. fxg5 hxg5 47. Kxg5 Rc2) 46. Ra7+ Kd6 47. Rxg7 Kc5 48. Rc7+ Kd6 49. Rh7 Kc5 50. g4 h4 51. g5 {White mates.} Kxc4 52. g6 Kd5 53. Kf6 Ra2 54. g7 Ra6+ 55. Kg5 {Accuracy: White = 94%, Black = 50%.} 1-0

[Event "HUN-ch Rapid 2020"]
[Site "Ajka"]
[Date "2020.07.19"]
[Round "10.14"]
[White "Fancsy, Imre"]
[Black "Gaal, Zsoka"]
[Result "1-0"]
[WhiteElo "2352"]
[BlackElo "2197"]
[Annotator "RC"]
[PlyCount "45"]
[EventDate "2020.07.17"]
[EventType "rapid"]
[EventCountry "HUN"]
[SourceTitle "playchess.com"]
[Source "ChessBase"]
[SourceQuality "1"]

1. Nf3 Nf6 2. c4 c5 3. g3 g6 4. Bg2 Bg7 5. Nc3 O-O 6. d4 cxd4 7. Nxd4 Nc6 8. O-O Qa5 9. Nb3 Qh5 10. c5 d6 11. cxd6 Rd8 12. e4 Rxd6 13. Qxh5 Nxh5 14. Be3 Be6 15. Nc5 Bxc3 16. bxc3 Bc4 17. Rfb1 Rb8 18. Nxb7 Rd3 19. Nc5 Rxb1+ 20. Rxb1 Rxc3 21. e5 Na5 22. Bd2 Ra3 23. Bh6 1-0

[Event "HUN-ch Rapid 2020"]
[Site "Ajka"]
[Date "2020.07.19"]
[Round "10.15"]
[White "Gombocz, Ferenc Jr."]
[Black "Emodi, Barnabas"]
[Result "0-1"]
[WhiteElo "2209"]
[BlackElo "2352"]
[Annotator "TA"]
[PlyCount "122"]
[EventDate "2020.07.17"]
[EventType "rapid"]
[EventCountry "HUN"]
[SourceTitle "playchess.com"]
[Source "ChessBase"]
[SourceQuality "1"]

{[%evp 12,122,8,14,24,16,46,6,2,-14,-18,-33,-24,-68,0,-83,-66,-89,-66,-61,-31,-35,-36,-31,-33,-75,-77,-81,6,0,49,43,23,0,0,0,0,-68,236,-120,-127,-152,-93,-104,-41,-54,-47,-42,-54,-261,-272,-258,-235,-222,-122,-110,-118,-109,-106,-121,-106,-96,-87,-163,-138,-166,-156,-206,-206,-206,-202,-199,-199,-198,-184,-177,-104,-288,-279,-243,-224,-334,-334,-555,-543,-487,-444,-382,-8,-8,-8,-827,-499,-29972,-29973,-29973,-29974,-29974,-29975,-29979,-29980,-29980,-29978,-29978,-29979,-29979,-29980,-29980,-29981,-29981,-29982,-29981,-29952]} 1. c4 Nc6 2. g3 Nf6 3. Bg2 e5 4. Nc3 Bc5 5. e3 O-O 6. Nge2 d6 7. d4 {was the old line (7.0-0).} Bb6 {A25: English Opening vs King's Indian with ...Nc6 but without early d3.} 8. O-O h6 9. h3 Re8 {[#] The position is equal.} 10. f4 $146 ({Predecessor:} 10. d5 Nb8 11. e4 a5 12. Kh2 Nbd7 13. Be3 Bxe3 14. fxe3 Nh7 15. g4 Rf8 16. Ng3 {0-1 (42) Sihite,C (2252)-Bartel,M (2648) chess.com INT 2020}) 10... exd4 11. exd4 Bf5 12. a3 a5 (12... h5 $15) 13. Kh2 {[#]} (13. g4 $11 {keeps the balance.} Be4 14. Nxe4 Nxe4 15. Qd3) 13... a4 $1 $17 {[%mdl 512]} 14. d5 (14. Nxa4 Rxa4) 14... Na5 $1 {Strongly threatening ...Qd7.} 15. Nxa4 Nxc4 {And now ...Rxa4! would win.} 16. Nxb6 Nxb6 17. Nc3 $1 Ne4 18. Qd3 {[%cal Rg2e4]} Nxc3 19. Qxf5 {[#]} Nca4 ({Of course not} 19... g6 $6 20. Qd3 $14) (19... Ne4 $1 $17 {[%mdl 512]} 20. Re1 (20. Bxe4 g6 $17) 20... Qf6 21. Qxf6 Nxf6) 20. Qc2 $11 Qf6 21. Ra2 Qe7 22. Bd2 Qe2 $36 {[%mdl 2048] Black has some pressure.} 23. b3 Nc5 24. b4 (24. Bb4 $11 Qb5 25. Bxc5 dxc5 26. a4) 24... Nd3 $2 {[%mdl 8192]} (24... Ne4 $15 {stays ahead.}) 25. Raa1 $2 ({Don't go for} 25. Rf3 $2 Rxa3 $1 {[%mdl 512]} 26. Rxa3 Ne1 $1 $19 {[%mdl 512]}) (25. Kg1 $18) 25... Nxd5 $1 $17 {Hoping for ...Ne3!} 26. Qd1 Qxd1 ({Better is} 26... Nb2 27. Qxe2 Rxe2) 27. Rfxd1 {[#]} Nb2 (27... c6 $1 $17 28. b5 Ra4) 28. Bxd5 {Re1 is the strong threat.} Nxd1 29. Rxd1 Rxa3 30. Re1 $2 (30. Be1 $15) 30... Rxe1 $19 31. Bxe1 c6 32. Bg2 Ra2 (32... Ra1 $19 33. Bc3 Rc1) 33. Kg1 $17 Kf8 34. Kf1 Ke7 35. b5 Kd7 36. bxc6+ bxc6 37. g4 (37. Bf3 $17) 37... f6 38. Bf3 d5 39. Bb4 {[#]} Ra4 $1 {[%cal Ra4b4]} 40. Bf8 Rxf4 41. Ke2 g5 42. Bxh6 {intending h4!} Ra4 43. Bf8 Ke6 (43... Ra2+ $19 44. Kd3 Rh2) 44. Bc5 $2 (44. Kd3 $17 {is a better defense.}) 44... Ra5 $19 45. Bb4 Rb5 46. Bc3 (46. Be1 {is the only way for White.}) 46... c5 47. Kd3 $2 (47. Kd1 d4 48. Be2 Rb1+ 49. Kc2) 47... d4 {aiming for ...Rb3.} 48. Bd2 Rb3+ 49. Ke4 c4 $2 (49... Ke7 $19 {White must now prevent ...c4.} 50. Bd1 Ra3) 50. Be2 $11 d3 51. Bf1 $2 {[%mdl 8192]} (51. Bd1 $11 Rb2 52. Bc3) 51... c3 52. Bxd3 (52. Be3 $19 Rb4+ 53. Kxd3) 52... Rb4+ {Black mates.} 53. Ke3 cxd2 54. Kxd2 {[%mdl 4096] Endgame KR-KB} Ke5 55. Ke3 Rb3 56. Ke2 Kd4 57. Bf5 Rxh3 58. Kf2 Ke5 59. Kg2 Rc3 60. Kf2 Kf4 61. Kg2 Rg3+ {Accuracy: White = 53%, Black = 62%.} 0-1

[Event "HUN-ch Rapid 2020"]
[Site "Ajka"]
[Date "2020.07.19"]
[Round "10.16"]
[White "Egresi, Mate"]
[Black "Karacsonyi, Gellert"]
[Result "0-1"]
[WhiteElo "2362"]
[BlackElo "2292"]
[Annotator "TA"]
[PlyCount "76"]
[EventDate "2020.07.17"]
[EventType "rapid"]
[EventCountry "HUN"]
[SourceTitle "playchess.com"]
[Source "ChessBase"]
[SourceQuality "1"]

{[%evp 9,76,17,43,45,60,58,57,20,61,37,50,48,52,49,60,0,0,-106,-104,-106,-104,-82,-6,-91,-97,-298,-319,-307,-314,-308,-297,-405,-401,-386,-303,-316,-311,-315,-309,-335,-347,-377,-354,-398,-384,-405,-391,-426,-420,-418,-404,-464,-459,-432,-388,-467,-461,-480,-451,-573,-555,-683,-684,-1072,-997,-1155,-1095,-1056,-966]} 1. d4 Nf6 2. c4 e6 3. Nf3 d5 4. Nc3 dxc4 5. e4 b5 6. e5 {D24: Queen's Gambit Accepted: 3 Nf3 Nf6 4 Nc3.} Nd5 7. Nxb5 Nb6 8. a4 {[%cal Ba2a4,Ba4a5][%mdl 32] White is slightly better.} Nc6 9. a5 $1 {[%cal Ra5b6]} Ba6 10. Na3 Bb4+ 11. Bd2 {[#]} Nd5 $146 ({Predecessor:} 11... c3 12. bxc3 Bxf1 13. axb6 Bxg2 14. Rg1 Bxf3 15. Qxf3 Nxd4 16. Qe4 axb6 17. cxb4 Qd5 18. Qxd5 exd5 {1-0 (41) Tomashevsky,E (2702)-Alekseenko,K (2650) Konya 2019}) 12. Nxc4 (12. Bxc4 $14 Bxc4 13. Nxc4) 12... O-O 13. Be2 (13. Ne3 $11 Bxf1 14. Kxf1) 13... Nf4 $1 $17 {Threatens to win with ...Rb8.} 14. Bxb4 Nxb4 15. O-O {[#]} Nc6 (15... Qd5 $1 $17 16. Rc1 c5) 16. Qd2 {[#]} (16. Re1 $11 {remains equal.}) 16... Nxd4 $1 17. Nxd4 $2 {This move loses the game for White.} (17. Bd1 $17 Bxc4 18. Qxf4 Bxf1 19. Nxd4) 17... Qxd4 $19 18. Bf3 Qxc4 19. Bxa8 Rxa8 20. Rfd1 {White threatens Qd8+! and mate.} h6 21. Ra3 Bb7 22. f3 Qc5+ 23. Qe3 {[#]} Qc2 $1 {[%csl Gf4][%cal Rc2g2]} 24. Qd2 Qf5 25. Re3 Bd5 26. Kh1 Rb8 27. Rc1 Qg5 {aiming for ...Nxg2!} 28. Rec3 c6 29. Re1 Qf5 30. Qc2 Qxc2 31. Rxc2 Rb5 32. Ra1 Nd3 {Black is clearly winning.} 33. Re2 Nxb2 34. Rb1 Nc4 35. Rxb5 cxb5 36. a6 b4 37. Kg1 b3 38. Re1 Nd2 {Accuracy: White = 44%, Black = 87%.} 0-1

[Event "HUN-ch Rapid 2020"]
[Site "Ajka"]
[Date "2020.07.19"]
[Round "10.17"]
[White "Balogh, Csaba"]
[Black "Terbe, Julianna"]
[Result "1-0"]
[WhiteElo "2580"]
[BlackElo "2270"]
[Annotator "TA"]
[PlyCount "73"]
[EventDate "2020.07.17"]
[EventType "rapid"]
[EventCountry "HUN"]
[SourceTitle "playchess.com"]
[Source "ChessBase"]
[SourceQuality "1"]

{[%evp 16,73,0,0,11,6,36,0,8,-5,26,27,24,28,33,12,34,20,43,46,65,2,2,4,8,8,18,0,99,64,78,38,77,0,0,0,0,0,0,0,0,-23,-8,-8,0,0,111,0,97,0,1242,1799,1646,1094,1546,1375,943,875,29994,29994]} 1. e4 e5 2. Nf3 Nc6 3. Bb5 a6 4. Ba4 Nf6 5. d3 d6 6. c4 g6 7. h3 Bg7 8. Nc3 O-O 9. O-O h6 {9...Nd4 is a critical line. C77: Ruy Lopez: 3...a6 4 Ba4 Nf6, unusual lines.} 10. Be3 Nd7 {[#]} 11. Bxc6 $146 ({Predecessor:} 11. d4 exd4 12. Nxd4 Nce5 13. Qe2 c5 14. Nc2 Nb6 15. Bb3 Be6 16. Na3 f5 17. exf5 Bxf5 {½-½ (27) Warmerdam,M (2498)-Saduakassova,D (2519) Wijk aan Zee 2020}) 11... bxc6 {The position is equal.} 12. d4 exd4 13. Bxd4 c5 14. Bxg7 Kxg7 15. Nd5 Nf6 16. Re1 Nxd5 17. cxd5 Rb8 18. Qc2 (18. b3 $14) 18... Qf6 $11 19. e5 dxe5 $1 20. Nxe5 Re8 $1 {[%cal Re8e5]} 21. Qc3 Bf5 (21... Bb7 $11 {remains equal.}) 22. Rad1 Re7 {With the idea ...Rbe8.} 23. f4 Rbe8 {...g5 would now be nice for Black.} 24. Qxc5 (24. Rf1 $16) 24... Bxh3 25. Rf1 Bf5 26. d6 cxd6 27. Rxd6 Re6 28. Rfd1 Rxd6 29. Rxd6 Qh4 30. Qf2 Qh5 (30... Qxf2+ $11 31. Kxf2 Re6) 31. Qd4 ({White has to play} 31. Qa7 $16 g5 32. g4 Bxg4 33. Rg6+ Qxg6 34. Nxg6 Kxg6 35. Qxa6+ Re6 36. Qd3+ Bf5 37. Qb5) 31... Kh7 (31... Qe2 $11 {keeps the balance.}) 32. Rf6 ({White should play} 32. Qa7 $16 g5 33. fxg5 (33. Qxf7+ Qxf7 34. Nxf7 gxf4 $14) 33... hxg5 34. Qxf7+ Qxf7 35. Nxf7) 32... Kg7 $2 {[%mdl 8192]} (32... Qh4 $11 33. Rxf7+ Kg8) 33. Rxf7+ $18 Kg8 34. Qa7 {[#] Threatening mate with Rg7+.} Qd1+ 35. Kh2 {Rg7+ would kill now.} Qh5+ 36. Kg3 {White wants to mate with Rg7+.} Be6 37. Rg7+ {Accuracy: White = 66%, Black = 67%.} 1-0

[Event "HUN-ch Rapid 2020"]
[Site "Ajka"]
[Date "2020.07.19"]
[Round "10.18"]
[White "Borhy, Marcell"]
[Black "Balog, Imre"]
[Result "0-1"]
[WhiteElo "2358"]
[BlackElo "2567"]
[Annotator "TA"]
[PlyCount "64"]
[EventDate "2020.07.17"]
[EventType "rapid"]
[EventCountry "HUN"]
[SourceTitle "playchess.com"]
[Source "ChessBase"]
[SourceQuality "1"]

{[%evp 11,64,0,0,0,20,10,17,17,19,-44,-45,-43,-42,-37,-15,-14,-27,-43,-35,-88,0,-5,-8,0,4,8,4,0,2,-43,-41,-420,-419,-466,-437,-457,-450,-423,-11,-29986,-481,-475,-477,-468,-466,-435,-464,-978,-978,-978,-978,-959,-939,-958,-945]} 1. d4 d5 2. c4 c6 3. cxd5 cxd5 4. Nc3 Nc6 5. Bf4 e5 6. dxe5 d4 {White must now prevent ...Qa5.} 7. Ne4 {D10: Slav Defence: 3 cxd5 (without early Nf3) and 3 Nc3.} Qa5+ {7...Bf5 is vanishing.} 8. Nd2 $1 Nge7 9. Ngf3 {The position is equal.} Nd5 10. Bg3 (10. g3 $11) 10... Be6 $15 11. a3 $1 {[#]} Ne3 $1 {[%mdl 512]} 12. fxe3 dxe3 {[%mdl 64] Pin} 13. b4 exd2+ 14. Nxd2 Qb6 {[#]} 15. Ne4 $146 (15. Bf2 $15 Qb5 16. Bg3) ({Predecessor:} 15. e4 Rd8 16. Bf2 Qc7 17. Qc1 Qxe5 18. Bc4 Qg5 19. Bxe6 fxe6 20. Qc3 Be7 21. Nf3 {0-1 (27) Stips,F (2206)-Cerveny,M (2318) Pardubice 2010}) 15... Nxb4 ({Better is} 15... a5 $1 $17 {[%cal Ra5b4]} 16. b5 Nd4) 16. Nd6+ $1 $11 ({Don't go for} 16. axb4 $2 Bxb4+ 17. Nd2 Bb3 $1 $19 {[%mdl 512]}) 16... Bxd6 $1 17. exd6 Nc6 18. Rb1 Qa5+ 19. Qd2 Qxa3 20. Rxb7 O-O {...Rfb8 is the strong threat.} 21. e3 $2 {[%mdl 8192]} (21. Rc7 $15 Rac8 22. e3) 21... Rab8 $19 22. Rxb8 Rxb8 23. Bd3 Rb2 24. Qc1 {intending 0-0.} Nb4 $2 $40 {[%mdl 128] White needs to defend precisely.} ({Stronger than} 24... Qxd3 25. Qxb2 Qxe3+ 26. Qe2 $11) (24... Qb4+ $19 25. Kf1 Bd5) 25. Be4 $2 {[%mdl 8192] [#]} (25. O-O $11 Nxd3 26. Qc7) 25... Rb1 (25... Bc4 $142 $1 {[%mdl 512]} 26. d7 (26. Qxc4 Qa1+) 26... Re2+ {[%mdl 64] Double Attack, Discovered Attack} 27. Kd1 Qa4+ {[%mdl 64] Double Attack} 28. Qc2 Qxd7+ 29. Kc1 Nxc2 30. Rd1 Qe7 31. Rd6 Nxe3 32. h4 Ba2 33. Be5 Qc7+ 34. Rc6 Qxc6+ $1 {[%mdl 576] Double Attack} 35. Bc3 Qxc3+ 36. Bc2 Rxc2#) 26. Qxb1 {Black is clearly winning.} ({Avoid the trap} 26. Bxh7+ $2 {[#]} Kf8 $1 {[%mdl 512]}) 26... Qxe3+ 27. Kd1 Bb3+ 28. Qxb3 Qxb3+ 29. Ke2 (29. Kd2 $142 Qc4 30. Bb1) 29... Qe6 30. Kf3 f5 31. Bb1 Qd5+ 32. Kf2 g5 {Accuracy: White = 54%, Black = 76%.} 0-1

[Event "HUN-ch Rapid 2020"]
[Site "Ajka"]
[Date "2020.07.19"]
[Round "10.19"]
[White "Horvath, Peter"]
[Black "Nogrady, Vilmos"]
[Result "1-0"]
[WhiteElo "2409"]
[BlackElo "2128"]
[Annotator "TA"]
[PlyCount "59"]
[EventDate "2020.07.17"]
[EventType "rapid"]
[EventCountry "HUN"]
[SourceTitle "playchess.com"]
[Source "ChessBase"]
[SourceQuality "1"]

{[%evp 24,59,38,39,35,43,63,62,73,69,130,127,129,120,112,109,137,127,156,112,115,91,143,129,147,147,154,157,152,121,266,261,243,230,234,230,2080,2025]} 1. d4 d5 2. c4 e6 3. Nc3 Nf6 4. cxd5 exd5 5. Bg5 Be7 6. Qc2 c6 7. e3 O-O 8. Bd3 Nbd7 9. Nf3 Re8 10. O-O Nf8 11. Rab1 Bg4 12. Ne5 Bh5 13. b4 a6 {D36: Queen's Gambit Declined: Exchange Variation: Main line (5 Bg5 c6 6 Qc2).} 14. a4 N6d7 15. Bxe7 Qxe7 {White is slightly better.} 16. Nxd7 {[#]} Nxd7 $146 (16... Qxd7 $14 17. b5 axb5) ({Predecessor:} 16... Qxd7 17. b5 axb5 18. axb5 Bg6 19. bxc6 bxc6 20. Bxg6 Nxg6 21. Na4 Qa7 22. Nc5 Nf8 {1-0 (35) Tarasova,V (2226)-Kalinina,L (2131) chess.com INT 2020}) 17. Bxh7+ $16 Kh8 {Threatening ...g6.} 18. Bf5 Nb6 19. Bd3 Qg5 20. Ne2 Re6 21. Ng3 {Hoping for f4.} Bg6 22. Bxg6 (22. b5 {keeps more tension.} Bxd3 23. Qxd3 axb5 24. axb5 Nc4 25. Ra1) 22... Rxg6 {[#]} ({Better is} 22... Qxg6 23. Qxg6 Rxg6) 23. b5 $1 axb5 24. axb5 Nc4 25. bxc6 bxc6 26. Rb7 {[%cal Bb1b7,Bb7c7,Bc7c6,Bc6a6][%mdl 32]} Nd6 {Loses the game.} (26... Kg8 $16 27. Rfb1 Re6) 27. Rc7 $18 ({Weaker is} 27. Qxc6 Nxb7 28. Qxb7 Rf8 $14) 27... Ne4 28. Rxc6 Nxg3 29. hxg3 Ra6 $2 {[#]} (29... Rxc6 30. Qxc6 Qd8) 30. Rxa6 {Accuracy: White = 83%, Black = 48%.} 1-0